Top 10 most popular dog names 2011 - Statistics

General Stats
  • This quiz has been taken 564 times
  • The average score is 3 of 10
Answer Stats
Hint Answer % Correct
2 Max
64%
1 Buddy
42%
8 Jack
33%
4 Bella
32%
6 Molly
30%
7 Charlie
28%
5 Lucy
25%
3 Daisy
23%
10 Rocky
18%
9 Sadie
14%
No matching quizzes found
Score Distribution
Percent of People with Each Score
Percentile by Number Answered
Your Score History
You have not taken this quiz